La crisis ninja y otros misterios de la economía actual /

Guardado en:
Autor Principal: Abadia, Leopoldo
Formato: Libro
Publicado: Buenos Aires : Espasa, 2009
Materias:
Etiquetas: Agregar Etiqueta
Sin Etiquetas, Sea el primero en etiquetar este registro!
LEADER 00973nam a22002175a 4500
001 CEM.cems014809
005 20171011035037.0
008 130507s2009##################000#0#####d
003 CEMS
020 |a 9789508522467 
082 0 4 |a 330 
100 1 |a Abadia, Leopoldo 
245 1 0 |a La crisis ninja y otros misterios de la economía actual /  |c Leopoldo Abadía 
260 |a Buenos Aires :  |b Espasa,  |c 2009 
300 |a 208 p. 
505 0 |a De Illinois a San Quirico. La crisis ninja -- Desayunos y servilletas. A la búsqueda de un modelo -- La globalización y los conspiradores. La libertad -- La cruda realidad -- Viviendo la crisis. Crisis de confianza y de responsabilidad -- La crisis. Responsabilidad global. Responsabilidad individual -- Empresarios de nuestra vida -- Otoño en San Quirico. El petirrojo 
653 |a Economía 
653 |a Economía mundial 
653 |a Crisis 
653 |a Globalización 
859 |a CEMS  |b BIB. CEMS - 11 de abril  |h 330  |i Ab14  |p 27394.17  |t Ej.1